A Pinch of Moon & Micro Poems/ (Record no. 212013)

MARC details
000 -LEADER
fixed length control field 00531nam a22001817a 4500
005 - DATE AND TIME OF LATEST TRANSACTION
control field 20250702122051.0
010 ## - LCCN (DPL NO)
LC control number ENG-145536
020 ## - INTERNATIONAL STANDARD BOOK NUMBER
Terms of availability 400.00
International Standard Book Number 9788177113730
035 ## - SYSTEM CONTROL NUMBER
System control number EN-129068
037 ## - SOURCE OF ACQUISITION
Source of stock number/acquisition DBAD
082 ## - DEWEY DECIMAL CLASSIFICATION NUMBER
Edition number 1
Classification number 881
100 ## - MAIN ENTRY--PERSONAL NAME
Personal name Verma, Satish
245 00 - TITLE STATEMENT
Title A Pinch of Moon & Micro Poems/
Statement of responsibility, etc by Satish Verma
260 ## - PUBLICATION, DISTRIBUTION, ETC. (IMPRINT)
Place of publication, distribution, etc Jaipur
Name of publisher, distributor, etc Sahityagar Classics
Date of publication, distribution, etc 2013
270 ## - ADDRESS
Address 958, Dhamani Market, Chaura Rasta
City Jaipur
Postal code 302003
300 ## - PHYSICAL DESCRIPTION
Extent viii, 100p.
Dimensions 22cm(Hb)
942 ## - ADDED ENTRY ELEMENTS (KOHA)
Source of classification or shelving scheme Dewey Decimal Classification
Item type English Books
Call number suffix VER
Classification part 881
Holdings
Withdrawn status Lost status Not for loan Collection code Home library Current library Date acquired Source of acquisition Cost, normal purchase price Full call number Barcode Copy number Cost, replacement price Koha item type
      Non-fiction Mobile Library Mobile Library 02/07/2025 Delivery of Books Act Division 400.00 VER 881 EN-129068 1 400.00 English Books

© Delhi Public Library
Hit Counter
free hit counter